000 nam a22 7a 4500
999 _c9701
_d9701
008 180206b ||||| |||| 00| 0 eng d
100 _aHartman, S
_95811
245 _aMary magdalene`s easter story
260 _aSt, Louis
_bConcordia Publication
_c2005